000 01415nam a2200361Ia 4500
001 ebr10132921
003 CaPaEBR
006 m u
007 cr cn|||||||||
008 030519s2003 enk sb 001 0 eng d
015 _aGBA2-T9318
016 7 _z1860648843
_2Uk
020 _z1860648843
040 _aCaPaEBR
_cCaPaEBR
035 _a(OCoLC)56713715
050 1 4 _aKZ6010
_b.B75 2003eb
082 0 4 _a327.17209536
_221
245 0 0 _aBridging a gulf
_h[electronic resource] :
_bpeacebuilding in West Asia /
_cedited by Majid Tehranian.
260 _aLondon :
_bI.B. Tauris,
_c2003.
300 _axvi, 252 p.
490 1 _aToda Institute book series on global peace and policy ;
_v9
504 _aIncludes bibliographic references and index.
533 _aElectronic reproduction.
_bPalo Alto, Calif. :
_cebrary,
_d2009.
_nAvailable via World Wide Web.
_nAccess may be limited to ebrary affiliated libraries.
650 0 _aReconciliation.
650 0 _aPacific settlement of international disputes.
651 0 _aPersian Gulf Region
_xHistory.
655 7 _aElectronic books.
_2local
700 1 _aTehranian, Majid.
710 2 _aToda Institute for Global Peace and Policy Research.
710 2 _aebrary, Inc.
830 0 _aGlobal peace and policy ;
_v9.
856 4 0 _uhttp://site.ebrary.com/lib/rucke/Doc?id=10132921
_zAn electronic book accessible through the World Wide Web; click to view
999 _c79173
_d79173